[Event "Detroit (MOR/5/24)"]
[Site "?"]
[Date "1994.??.??"]
[Round "?"]
[White "Marinelli, Philip"]
[Black "Zuniga, Jesus"]
[Result "1-0"]
[WhiteElo "1685"]
[BlackElo "1605"]
[PlyCount "111"]
[EventDate "1994.??.??"]

{5/(24)} 1. b4 e6 2. a3 c5 3. b5 d5 4. e3 d4 5. e4 e5 6. Bc4 Nf6 7. d3 Bd7 8.
Nf3 Bg4 9. h3 Bxf3 10. Qxf3 Be7 11. O-O Nbd7 12. Qe2 O-O 13. f4 Bd6 14. f5 Nb6
15. Bb3 Qc7 16. Nd2 Rac8 17. Nc4 Nxc4 18. Bxc4 Kh8 19. g4 Nd7 20. g5 Nb6 21.
Qh5 Nxc4 22. dxc4 f6 23. g6 h6 24. Rf3 Rfe8 25. Rg3 Bf8 26. Rg4 Re7 27. Bd2 Rd8
28. Rg3 a6 29. a4 a5 30. Kh1 b6 31. Rag1 Rdd7 32. Qf3 Kg8 33. Qe2 Kh8 34. Rg4
Kg8 35. Rh4 Qb7 36. Rg3 Qc7 37. Kg2 Qb7 38. Kf3 Qc7 39. Qd3 Qb7 40. Ke2 Qc7 41.
Bc1 Qa7 42. Kd2 Qc7 43. Qe2 Qd6 44. Kd3 Qc7 45. Rh5 Qb7 46. Rg4 Qc7 47. Rgh4
Qb7 48. Qg4 Qc7 49. Bxh6 gxh6 50. Rxh6 Bxh6 51. Rxh6 Rg7 52. Qh4 Rh7 53. gxh7+
Rxh7 54. Rg6+ Kf8 55. Qxf6+ Ke8 56. Rg8+ 1-0

[Event "Detroit (MOR/2/43)"]
[Site "?"]
[Date "1994.??.??"]
[Round "?"]
[White "Marinelli, Philip"]
[Black "Holland, K."]
[Result "1/2-1/2"]
[WhiteElo "1685"]
[BlackElo "1605"]
[PlyCount "162"]
[EventDate "1994.??.??"]

{2/(43)} 1. e4 c6 2. g3 d5 3. Nc3 d4 4. Nb1 e5 5. d3 Nf6 6. Bg2 Be7 7. Ne2 Bg4
8. h3 Bxe2 9. Qxe2 O-O 10. O-O Nbd7 11. f4 Rc8 12. fxe5 Nxe5 13. Bf4 Nfd7 14.
Nd2 f6 15. g4 Ng6 16. Bg3 Nde5 17. Qf2 c5 18. b3 b5 19. a4 a6 20. axb5 axb5 21.
Ra7 Rc7 22. Rfa1 Rxa7 23. Rxa7 Qb6 24. Ra1 Qc6 25. Qf1 Ra8 26. Qb1 Ra6 27. Ra2
Qa8 28. Rxa6 Qxa6 29. Bf1 Bd6 30. Kg2 Ne7 31. Be2 N7c6 32. h4 Qa5 33. Qc1 Nb4
34. Bd1 Na2 35. b4 Qxb4 36. c3 Nxc1 37. cxb4 Ncxd3 38. bxc5 Nxc5 39. g5 Kf7 40.
Nf3 d3 41. Nd4 b4 42. gxf6 gxf6 43. Bh5+ Ke7 44. Nf5+ Ke6 45. Ng7+ Kd7 46. Be8+
Ke7 47. Bb5 b3 48. Nf5+ Ke6 49. Be1 Nxe4 50. Nd4+ Kd5 51. Nxb3 Nc5 52. Nd2 Ne6
53. Bg3 Nc5 54. Bf2 Ne4 55. Be3 Nxd2 56. Bxd2 Kd4 57. Kf2 Nc4 58. Bh6 Kc3 59.
Be8 Nb2 60. Bf7 d2 61. Bxd2+ Kxd2 62. Kf3 h6 63. Kg4 Bf8 64. Kf5 Be7 65. Kg6
Nd3 66. Kxh6 f5 67. h5 f4 68. Bd5 Bc5 69. Kg5 Ke3 70. Bg2 Ne1 71. Bc6 Nf3+ 72.
Kh6 Nd2 73. Bg2 Kf2 74. Bb7 Kg3 75. Kg6 Bd4 76. h6 Nf3 77. Kf7 Ne5+ 78. Kg8 Nd7
79. Kh7 Nc5 80. Bd5 Nd7 81. Bb7 Nf6+ 1/2-1/2

[Event "Detroit (MOR/3/50)"]
[Site "?"]
[Date "1994.??.??"]
[Round "?"]
[White "Marinelli, Philip"]
[Black "Arwashan, N."]
[Result "1-0"]
[WhiteElo "1685"]
[BlackElo "1605"]
[PlyCount "69"]
[EventDate "1994.??.??"]

{3/(50)} 1. b4 e5 2. Bb2 Nc6 3. b5 Nb4 4. Bxe5 d6 5. Bb2 Bf5 6. d3 Nf6 7. a3
Nbd5 8. e4 Bg4 9. f3 Ne3 10. Qe2 Nxf1 11. fxg4 Nxg4 12. Kxf1 Qg5 13. Nc3 Be7
14. Nf3 Qh6 15. Nd5 Bd8 16. Nd4 Qg5 17. Nf5 f6 18. Bc1 Qg6 19. Nf4 Qg5 20. h4
Qxf5 21. exf5+ Ne5 22. d4 O-O 23. dxe5 dxe5 24. Ne6 Re8 25. Bd2 Be7 26. Nxc7 a5
27. Nxe8 Rxe8 28. Bxa5 Bc5 29. Qc4+ Kh8 30. Qxc5 e4 31. Ke2 h5 32. Rad1 Re5 33.
Qf8+ Kh7 34. Rd7 Re7 35. Rxe7 1-0

[Event "Eastpointe (MI Action/4/22)"]
[Site "?"]
[Date "1994.??.??"]
[Round "?"]
[White "Manus, J."]
[Black "Martell, Raul"]
[Result "0-1"]
[WhiteElo "1605"]
[BlackElo "1605"]
[PlyCount "44"]
[EventDate "1994.??.??"]

{4/(22)} 1. e4 e5 2. Nf3 Nc6 3. Bc4 Bc5 4. d3 Nf6 5. O-O d6 6. Ng5 O-O 7. Bxf7+
Rxf7 8. Nxf7 Kxf7 9. Bg5 h6 10. Bh4 Bd7 11. Qf3 g5 12. Bg3 Bg4 13. Qxf6+ Qxf6
14. Nc3 Ne7 15. Nb5 c6 16. Na3 Kg7 17. h3 Bh5 18. Nc4 b5 19. d4 Bxd4 20. c3 Bc5
21. Ne3 Rf8 22. Rad1 Bxd1 0-1

[Event "Eastpointe (MI Action/1/24)"]
[Site "?"]
[Date "1994.??.??"]
[Round "?"]
[White "Manus, J."]
[Black "Kalmadi, S."]
[Result "0-1"]
[WhiteElo "1605"]
[BlackElo "1605"]
[PlyCount "34"]
[EventDate "1994.??.??"]

{1/(24)} 1. e4 e6 2. d4 d5 3. e5 c5 4. c3 Nc6 5. Nf3 Bd7 6. Bb5 Qb6 7. Bd3 cxd4
8. cxd4 Nxd4 9. Nxd4 Qxd4 10. O-O Qxe5 11. Qb3 Bd6 12. g3 Nf6 13. Bf4 Qh5 14.
Bxd6 b6 15. Qd1 Qh3 16. Be2 h5 17. Bf3 Ng4 0-1

[Event "Detroit (MOR/1a/40)"]
[Site "?"]
[Date "1994.??.??"]
[Round "?"]
[White "Mansour, K."]
[Black "Watassek, F."]
[Result "1/2-1/2"]
[WhiteElo "1605"]
[BlackElo "1605"]
[PlyCount "122"]
[EventDate "1994.??.??"]

1. d4 d5 2. c4 dxc4 3. Qa4+ Nc6 4. e3 Nf6 5. Bxc4 e6 6. Bb5 Bd7 7. Ne2 a6 8.
Bxc6 Bxc6 9. Qb3 Bxg2 10. Rg1 Bf3 11. Nd2 Bxe2 12. Kxe2 b5 13. a3 g6 14. Qc2
Bd6 15. f4 O-O 16. Ne4 Re8 17. Bd2 Nxe4 18. Qxe4 f5 19. Qf3 Qd7 20. h4 c5 21.
h5 Kg7 22. Bc3 b4 23. axb4 cxb4 24. Bd2 Qb5+ 25. Kf2 Qd3 26. Rad1 Qe4 27. Qxe4
fxe4 28. b3 Kf6 29. hxg6 hxg6 30. Rg2 Rg8 31. Rdg1 a5 32. Rg5 Rg7 33. Ra1 Raa7
34. d5 e5 35. Rag1 Rg8 36. fxe5+ Bxe5 37. R5g4 Rd7 38. Rf1 Rxd5 39. Ke2+ Ke6
40. Rxe4 Rgd8 41. Bc1 Rd3 42. Rg4 Rxb3 43. Rxg6+ Ke7 44. Rh1 Kf7 45. Ra6 Rd5
46. Rh7+ Kg8 47. Rb7 Bg7 48. Rb8+ Kh7 49. Rb7 Rb1 50. e4 Rh5 51. Be3 Rb2+ 52.
Kf3 Rb3 53. Kg4 Rh2 54. Bd4 Rg2+ 55. Kf4 Rbg3 56. Rxg7+ Rxg7 57. Bxg7 Rxg7 58.
Rxa5 Rb7 59. Rh5+ Kg6 60. Rh2 b3 61. Rb2 Kf6 1/2-1/2

[Event "Detroit (MOR/3/17)"]
[Site "?"]
[Date "1994.??.??"]
[Round "?"]
[White "Mansour, K."]
[Black "Stanulis, T."]
[Result "0-1"]
[WhiteElo "1605"]
[BlackElo "1695"]
[PlyCount "170"]
[EventDate "1994.??.??"]

{3/(17)} 1. e4 c5 2. Nf3 d6 3. d4 cxd4 4. Nxd4 Nf6 5. Nc3 a6 6. Be3 Qc7 7. Qd2
Nbd7 8. Nb3 e6 9. Bd3 Ne5 10. O-O-O Be7 11. f3 O-O 12. h3 Rd8 13. f4 Nxd3+ 14.
Qxd3 b5 15. a3 Bb7 16. Rhe1 Rac8 17. Rd2 Nd7 18. Qe2 Nc5 19. Bxc5 dxc5 20.
Rxd8+ Rxd8 21. e5 c4 22. Nd2 Qa5 23. Ncb1 Bd5 24. c3 Qb6 25. g4 a5 26. Rd1 Bc5
27. Kc2 Be3 28. f5 exf5 29. gxf5 Bf4 30. Nf1 Qc6 31. Nbd2 Re8 32. Qf2 Bxe5 33.
Re1 f6 34. Qa7 Ra8 35. Qf2 Qd7 36. Ne3 Bf7 37. Qg2 Qd3+ 38. Kc1 Rd8 39. Rg1 g6
40. Ng4 Bxc3 41. bxc3 Qxc3+ 42. Kd1 Qb3+ 43. Ke1 Re8+ 44. Kf2 Qd3 45. Nxf6+ Kh8
46. Nxe8 Qxd2+ 47. Kg3 Qe3+ 48. Kh2 Qxe8 49. Qb2+ Kg8 50. fxg6 Qb8+ 51. Rg3
Bxg6 52. Qc3 Qc7 53. h4 Qf4 54. Kh3 Qf1+ 55. Rg2 Qf5+ 56. Kh2 Qf4+ 57. Qg3
Qxg3+ 58. Rxg3 Kf7 59. Rg5 b4 60. Rxa5 b3 61. Rb5 Bc2 62. a4 c3 63. a5 b2 64.
a6 b1=Q 65. a7 Qxb5 66. a8=Q Qe5+ 67. Kg1 Qg3+ 68. Kh1 Qxh4+ 69. Kg1 Qe1+ 70.
Kh2 Qf2+ 71. Kh1 Qf1+ 72. Kh2 Qe2+ 73. Kg3 Be4 74. Qa7+ Ke6 75. Qa6+ Kd5 76.
Qb5+ Kd4 77. Qb6+ Kd3 78. Qb5+ Kd2 79. Qb8 Qd3+ 80. Kf2 Qe2+ 81. Kg1 c2 82.
Qb4+ Kd1 83. Qb3 Qe1+ 84. Kh2 Qf2+ 85. Kh3 Bf5# 0-1

[Event "Detroit (MOR/5/20)"]
[Site "?"]
[Date "1994.??.??"]
[Round "?"]
[White "Mansour, K."]
[Black "Nicolli, Randy"]
[Result "0-1"]
[WhiteElo "1605"]
[BlackElo "1750"]
[PlyCount "78"]
[EventDate "1994.??.??"]

{5/(20)} 1. e4 e5 2. Nf3 f5 3. Nxe5 Qf6 4. d4 d6 5. Nc4 fxe4 6. Qe2 d5 7. Ne5
Nc6 8. Nxc6 bxc6 9. c3 Be7 10. g3 Nh6 11. h3 Nf7 12. Be3 O-O 13. Nd2 a5 14. a4
Ba6 15. Qd1 Bxf1 16. Rxf1 Ng5 17. Bxg5 Qxg5 18. Qe2 Rfe8 19. h4 Qh6 20. Qe3 Qg6
21. O-O-O Rab8 22. Rde1 Qd6 23. Qf4 Qxf4 24. gxf4 Bxh4 25. Re3 Rf8 26. c4 Rxf4
27. f3 Bf6 28. cxd5 cxd5 29. Nb3 Rb4 30. Rc3 Bxd4 31. Nxd4 Rxd4 32. Rxc7 Rc4+
33. Rxc4 dxc4 34. Rd1 exf3 35. Kc2 g5 36. Rd5 g4 37. Rxa5 f2 38. Ra8+ Kg7 39.
Ra7+ Kg6 0-1

[Event "Detroit (Class DE/5/9)"]
[Site "?"]
[Date "1994.??.??"]
[Round "?"]
[White "Mannor, Keith"]
[Black "Sturgis, Derreck"]
[Result "1-0"]
[WhiteElo "1605"]
[BlackElo "1605"]
[PlyCount "131"]
[EventDate "1994.??.??"]

{5/(9)} 1. e4 c5 2. Bc4 e6 3. Nc3 Nc6 4. d3 Be7 5. Nf3 Nf6 6. Bf4 d5 7. exd5
Nxd5 8. Bxd5 exd5 9. Ne5 Nxe5 10. Bxe5 Bf6 11. Qe2 O-O 12. Bxf6 gxf6 13. O-O-O
Re8 14. Qf3 d4 15. Nd5 Re6 16. Rhe1 Ra6 17. a3 Bd7 18. Qh5 Be6 19. Nf4 Qc7 20.
Qh4 Qd8 21. Qg3+ Kf8 22. Nh5 Ke7 23. Qg7 Qg8 24. Qxf6+ Kd7 25. Qf3 Kc7 26. Nf6
Qg5+ 27. Kb1 Rd8 28. Nxh7 Qf5 29. Qxf5 Bxf5 30. Ng5 Rd7 31. Re5 Bg6 32. Nf3 Rc6
33. Re2 Bh5 34. Re4 f5 35. Re5 Bxf3 36. gxf3 Rf7 37. h4 c4 38. dxc4 Rxc4 39. h5
f4 40. Re4 Rc6 41. Rdxd4 Rh6 42. Kc1 Rf5 43. Kd2 Rhxh5 44. Rxf4 Rxf4 45. Rxf4
Rd5+ 46. Ke3 b5 47. Rd4 Re5+ 48. Re4 Rc5 49. c3 a5 50. f4 Kd6 51. Rd4+ Rd5 52.
Rxd5+ Kxd5 53. Kd3 a4 54. f3 Kc5 55. Ke4 Kd6 56. f5 Ke7 57. Ke5 Kf7 58. f6 Ke8
59. Ke6 Kf8 60. f7 Kg7 61. Ke7 Kg6 62. f8=Q Kg5 63. Qf6+ Kh5 64. Qg7 b4 65.
cxb4 Kh4 66. Qg4# 1-0

[Event "Detroit (Class DE/1/2)"]
[Site "?"]
[Date "1994.??.??"]
[Round "?"]
[White "Mannor, Keith"]
[Black "McNamara, Ron"]
[Result "1-0"]
[WhiteElo "1605"]
[BlackElo "1605"]
[PlyCount "119"]
[EventDate "1994.??.??"]

{1/(2)} 1. e4 d5 2. e5 e6 3. d4 c5 4. c3 Nc6 5. Bb5 Bd7 6. Nf3 Be7 7. O-O f6 8.
exf6 Nxf6 9. Re1 Qb6 10. Bxc6 Qxc6 11. Ne5 Qc7 12. Bf4 O-O-O 13. Ng6 Bd6 14.
Bxd6 Qxd6 15. Nxh8 Rxh8 16. Na3 Qb6 17. Rb1 cxd4 18. cxd4 Kb8 19. b3 Ne4 20.
Qd3 Rf8 21. f3 Nd6 22. Kh1 g6 23. Nc2 a6 24. Qd2 Rf7 25. Qb4 Qxb4 26. Nxb4 Nb5
27. Nd3 Nxd4 28. Ne5 Re7 29. Rbd1 Nc6 30. Nxd7+ Rxd7 31. Rxe6 Nb4 32. a3 Nc2
33. a4 Nb4 34. Re5 Kc7 35. Re6 Rd6 36. Rxd6 Kxd6 37. Kg1 Ke5 38. Kf1 d4 39.
Re1+ Kd5 40. Re7 d3 41. Rxb7 a5 42. Rc7 Kd4 43. Kf2 Nc2 44. Rc4+ Kd5 45. f4 Nb4
46. g4 h6 47. f5 gxf5 48. gxf5 Ke5 49. Rc5+ Kd4 50. f6 Kxc5 51. f7 Kd4 52. f8=Q
d2 53. Ke2 Kc3 54. Qxh6 Kxb3 55. Qxd2 Kxa4 56. h4 Kb3 57. h5 a4 58. h6 a3 59.
h7 a2 60. h8=Q 1-0

[Event "Detroit (Class DE/3/8)"]
[Site "?"]
[Date "1994.??.??"]
[Round "?"]
[White "Mannor, Keith"]
[Black "McMahan, M."]
[Result "0-1"]
[WhiteElo "1605"]
[BlackElo "1605"]
[PlyCount "86"]
[EventDate "1994.??.??"]

{3/(8)} 1. e4 e5 2. Nf3 Nc6 3. Bc4 Bc5 4. d3 h6 5. Bb5 Nf6 6. Bxc6 dxc6 7. Nxe5
Qd4 8. O-O Qxe5 9. Nc3 O-O 10. Qf3 Bg4 11. Qf4 Bd6 12. Qxe5 Bxe5 13. Bd2 Rad8
14. f4 Bd4+ 15. Kh1 Rfe8 16. f5 Nh5 17. Rfe1 Bxc3 18. Bxc3 f6 19. h3 Bxf5 20.
exf5 Ng3+ 21. Kg1 Nxf5 22. Ba5 b6 23. Bc3 Kf7 24. Kf2 g5 25. g4 Nd4 26. Rxe8
Kxe8 27. Bxd4 Rxd4 28. Re1+ Kf7 29. Kg3 Rf4 30. h4 f5 31. gxf5 Rxh4 32. Re6 c5
33. Rc6 h5 34. Rxc7+ Kf6 35. Rxa7 Rf4 36. Ra6 h4+ 37. Kh3 Kxf5 38. Rxb6 Rf3+
39. Kg2 Kg4 40. Rh6 h3+ 41. Kg1 Kg3 42. Rg6 h2+ 43. Kh1 Rf1# 0-1

[Event "Detroit (Class B/5/3)"]
[Site "?"]
[Date "1994.??.??"]
[Round "?"]
[White "Mankiewicz, Ryan"]
[Black "Walker, LeRoy"]
[Result "1/2-1/2"]
[WhiteElo "1745"]
[BlackElo "1750"]
[PlyCount "110"]
[EventDate "1994.??.??"]

{5/(3)} 1. Nf3 Nf6 2. c4 c5 3. g3 Nc6 4. Bg2 e6 5. b3 b6 6. O-O Be7 7. Bb2 Qc7
8. d4 cxd4 9. Nxd4 Bb7 10. Nb5 Qb8 11. N1c3 a6 12. Nd4 Nxd4 13. Qxd4 Bxg2 14.
Kxg2 Qb7+ 15. Kg1 O-O 16. Rfd1 Rfd8 17. Rac1 Bc5 18. Qd3 Ng4 19. Ne4 Qc6 20.
Nxc5 Qxc5 21. Qd4 Qxd4 22. Rxd4 Nh6 23. e4 f6 24. Rcd1 Ra7 25. Rd6 Rb7 26. Rxe6
Nf7 27. Bxf6 gxf6 28. Rxf6 Kg7 29. Rf3 Ng5 30. Re3 Re8 31. Red3 Rxe4 32. Rxd7+
Re7 33. Rxb7 Rxb7 34. h4 Ne4 35. Kg2 b5 36. Rc1 Rc7 37. Re1 Nf6 38. cxb5 axb5
39. Re5 Rb7 40. f3 b4 41. Kh3 Ra7 42. Rb5 Rxa2 43. Rxb4 Rf2 44. Rf4 h5 45. Rf5
Rb2 46. Rb5 Rf2 47. Rf5 Rb2 48. Rg5+ Kf7 49. Re5 Rxb3 50. Kg2 Rb2+ 51. Kf1 Kg6
52. Re2 Rxe2 53. Kxe2 Kf5 54. g4+ Nxg4 55. fxg4+ Kxg4 1/2-1/2

[Event "Romulus (RVO/5/19)"]
[Site "?"]
[Date "1994.??.??"]
[Round "?"]
[White "Mankiewicz, Ryan"]
[Black "Vangilder, W."]
[Result "1-0"]
[WhiteElo "1835"]
[BlackElo "1605"]
[PlyCount "111"]
[EventDate "1994.??.??"]

{5/(19)} 1. e4 Nc6 2. d4 d5 3. Nc3 dxe4 4. d5 Ne5 5. Qd4 Ng6 6. Bb5+ Bd7 7.
Nge2 a6 8. Bxd7+ Qxd7 9. Nxe4 e6 10. dxe6 Qxe6 11. O-O Be7 12. N2c3 Nf6 13. Re1
O-O 14. Nxf6+ Qxf6 15. Qxf6 Bxf6 16. Nd5 Be5 17. Be3 Rfe8 18. Rad1 Rad8 19. Nc3
Rxd1 20. Rxd1 Bd6 21. h3 h6 22. Kf1 Ne5 23. Ne4 Nc4 24. Nxd6 cxd6 25. Bc1 Rd8
26. b3 Ne5 27. c4 Kf8 28. f4 Nc6 29. Ba3 Ke7 30. g4 a5 31. Ke2 Nb4 32. Bxb4
axb4 33. Rd2 b6 34. Ke3 Ke6 35. f5+ Kd7 36. Kd4 Re8 37. Rh2 f6 38. Kd3 Kc6 39.
Re2 Rxe2 40. Kxe2 d5 41. Kd3 Kc5 42. h4 dxc4+ 43. bxc4 b5 44. cxb5 Kxb5 45. Kd4
Ka4 46. Kc4 Ka5 47. Kc5 Ka4 48. Kb6 Ka3 49. Kb5 b3 50. axb3 Kxb3 51. Kc5 Kc3
52. Kd5 Kd3 53. Ke6 Ke4 54. Kf7 Kf4 55. Kxg7 Kxg4 56. Kxf6 1-0

[Event "Detroit (MCO/A/2a/4)"]
[Site "?"]
[Date "1994.??.??"]
[Round "?"]
[White "Mankiewicz, Ryan"]
[Black "Steverson, Bunnard"]
[Result "0-1"]
[WhiteElo "1835"]
[BlackElo "1915"]
[PlyCount "116"]
[EventDate "1994.??.??"]

1. e4 c5 2. Nf3 d6 3. d4 cxd4 4. Nxd4 Nf6 5. Nc3 g6 6. Be3 Bg7 7. Be2 O-O 8. f4
Nc6 9. Nb3 a6 10. O-O Bd7 11. g4 b5 12. g5 Ne8 13. Qd2 Rb8 14. a3 Bh3 15. Rf2
Qd7 16. Kh1 e5 17. Nd5 Qe6 18. Rg1 Qd7 19. Nc1 Be6 20. f5 gxf5 21. exf5 Bxf5
22. Nf6+ Bxf6 23. gxf6+ Kh8 24. Bh6 Rg8 25. Rxg8+ Kxg8 26. Qg5+ Bg6 27. h4 Qh3+
28. Kg1 Nd4 29. Bg4 Qg3+ 30. Kf1 Ne6 31. Bxe6 Qxg5 32. Bxf7+ Kxf7 33. Bxg5 Rc8
34. c3 Rc4 35. Nb3 Bd3+ 36. Ke1 Rg4 37. Kd2 Be4 38. Ke3 Rg2 39. Nd2 Rxf2 40.
Kxf2 Bd5 41. Nf1 Nxf6 42. Bxf6 Kxf6 43. Ne3 Be6 44. Kf3 d5 45. Nc2 a5 46. b4 a4
47. Ne1 Kf5 48. Ke3 Kg4 49. Nd3 e4 50. Nc5 Bc8 51. Kd4 Kxh4 52. Kxd5 e3 53. Ke4
e2 54. Nd3 Kg3 55. Ke3 Bg4 56. Kd2 h5 57. Ne5 Kf2 58. Nd3+ Kf1 0-1

[Event "Detroit (Class B/2/4)"]
[Site "?"]
[Date "1994.??.??"]
[Round "?"]
[White "Mankiewicz, Ryan"]
[Black "Raupp, Kenneth L"]
[Result "1-0"]
[WhiteElo "1745"]
[BlackElo "1695"]
[PlyCount "89"]
[EventDate "1994.??.??"]

{2/(4)} 1. Nf3 e6 2. c4 f5 3. g3 c6 4. b3 Nf6 5. Bb2 d5 6. Bg2 Be7 7. O-O O-O
8. d3 Qe8 9. Nbd2 Nbd7 10. cxd5 exd5 11. Qc2 Qh5 12. e4 fxe4 13. dxe4 dxe4 14.
Nxe4 Nxe4 15. Qxe4 Bf6 16. Qc4+ Qf7 17. Qxf7+ Rxf7 18. Bxf6 Rxf6 19. Rfe1 Nf8
20. Rad1 Re6 21. Rd8 Rxe1+ 22. Nxe1 Kf7 23. Bh3 Ne6 24. Bxe6+ Kxe6 25. Nf3 Ke7
26. Rh8 h6 27. Nd4 Kf7 28. Nf5 Bxf5 29. Rxa8 Bd3 30. Rxa7 Ba6 31. f3 Ke6 32.
Kf2 Kf5 33. Ra8 g5 34. Ke3 Kf6 35. Rxa6 bxa6 36. Kd4 Ke6 37. Kc5 Kd7 38. Kb6 a5
39. Kxa5 Kc7 40. Kb4 Kb6 41. f4 c5+ 42. Kc4 Kc6 43. f5 Kd6 44. a4 h5 45. a5 1-0

[Event "Eastpointe (US Am N/2/21)"]
[Site "?"]
[Date "1994.??.??"]
[Round "?"]
[White "Mankiewicz, Ryan"]
[Black "Koernke, R."]
[Result "1-0"]
[WhiteElo "1770"]
[BlackElo "1605"]
[PlyCount "71"]
[EventDate "1994.??.??"]

{2/(21)} 1. g4 d5 2. Bg2 Bxg4 3. c4 c6 4. cxd5 cxd5 5. Qb3 Qc7 6. Nc3 e6 7.
Qa4+ Nd7 8. Qxg4 Ngf6 9. Qa4 Qc6 10. Qxc6 bxc6 11. b3 Bc5 12. h3 O-O 13. Bb2
Rac8 14. Nf3 e5 15. Na4 Bd6 16. O-O e4 17. Nd4 g6 18. Rac1 c5 19. Nb5 Bb8 20.
Bxf6 Nxf6 21. Nxc5 Rc6 22. Nd4 Rcc8 23. Na6 Be5 24. Nc6 Bd6 25. Rc2 Ba3 26. f3
e3 27. dxe3 Rfe8 28. e4 Re6 29. Ne7+ Bxe7 30. Rxc8+ Kg7 31. Rc7 Rxa6 32. Rxe7
dxe4 33. fxe4 Rxa2 34. e5 Nh5 35. Rfxf7+ Kg8 36. Bd5 1-0

[Event "Romulus (RVO/1/20)"]
[Site "?"]
[Date "1994.??.??"]
[Round "?"]
[White "Mankiewicz, Ryan"]
[Black "Kalmadi, S."]
[Result "1-0"]
[WhiteElo "1835"]
[BlackElo "1605"]
[PlyCount "47"]
[EventDate "1994.??.??"]

{1/(20)} 1. e4 e6 2. c4 d5 3. exd5 exd5 4. cxd5 Nf6 5. Bc4 Nbd7 6. Nc3 Nb6 7.
Qb3 Nxc4 8. Qxc4 Bd6 9. d3 Qe7+ 10. Be3 Bf5 11. Nf3 O-O 12. Nh4 Bd7 13. Kd2 b5
14. Qb3 b4 15. Ne2 Nxd5 16. Qxd5 Qxh4 17. g3 Qe7 18. Bf4 Bxf4+ 19. Nxf4 Rad8
20. Rhe1 Qf6 21. Qe5 Qb6 22. Nd5 Qxf2+ 23. Re2 Qf5 24. Ne7+ 1-0

[Event "Romulus (RVO/3/19)"]
[Site "?"]
[Date "1994.??.??"]
[Round "?"]
[White "Mankiewicz, Ryan"]
[Black "Gibbs, Tony"]
[Result "1-0"]
[WhiteElo "1835"]
[BlackElo "1605"]
[PlyCount "109"]
[EventDate "1994.??.??"]

{3/(19)} 1. e4 e5 2. Nf3 Nc6 3. Bb5 a6 4. Ba4 Nf6 5. O-O b5 6. Bb3 Bb7 7. Ng5
d5 8. exd5 Nxd5 9. Qf3 Qxg5 10. Bxd5 Qf6 11. Re1 Qxf3 12. Bxf3 Bd6 13. d4 O-O-O
14. Bxc6 Bxc6 15. dxe5 Bxe5 16. Nd2 Rhe8 17. g3 Re6 18. Nb3 Bd6 19. Be3 Rde8
20. Nd4 Rxe3 21. Rxe3 Rxe3 22. fxe3 Bd5 23. Kf2 g6 24. Ne2 Be5 25. Nf4 Be4 26.
c3 c5 27. Rc1 Kc7 28. Nh3 h6 29. Ng1 Kc6 30. Nf3 Bf6 31. Rd1 c4 32. Nd4+ Kc5
33. Ke2 a5 34. Kd2 b4 35. Rf1 bxc3+ 36. bxc3 Bg5 37. Rxf7 Kd5 38. Ra7 Bb1 39.
Rxa5+ Ke4 40. Rxg5 hxg5 41. a4 Kd5 42. a5 g4 43. a6 Kc5 44. Nc2 Kb6 45. e4 Kxa6
46. Kc1 Bxc2 47. Kxc2 Kb6 48. Kd2 Kc6 49. Ke3 g5 50. Kd4 Kd6 51. Kxc4 Ke5 52.
Kd3 Kd6 53. Kd4 Kc6 54. Ke5 Kd7 55. Kd5 1-0

[Event "Detroit (MCO/A/4/8)"]
[Site "?"]
[Date "1994.??.??"]
[Round "?"]
[White "Mankiewicz, Ryan"]
[Black "Garrison, Ray"]
[Result "0-1"]
[WhiteElo "1835"]
[BlackElo "1915"]
[PlyCount "120"]
[EventDate "1994.??.??"]

{4/(8)} 1. e4 e6 2. c4 d5 3. cxd5 exd5 4. exd5 Nf6 5. Bc4 Nxd5 6. Qh5 Be6 7.
Nc3 Nf4 8. Qb5+ c6 9. Qa4 Nd3+ 10. Bxd3 Qxd3 11. Nge2 Bd6 12. Qe4 Qxe4 13. Nxe4
Be7 14. O-O c5 15. Nf4 Bd7 16. Nd5 Bc6 17. Nec3 Bd6 18. Re1+ Kd7 19. a4 Na6 20.
b3 Rhe8 21. Bb2 Be5 22. Ne3 Nb4 23. Nc4 Bd4 24. Ne2 Bxb2 25. Nxb2 Nc2 26. Rac1
Nxe1 27. Rxe1 Re7 28. f3 Rae8 29. Kf2 b6 30. Nd1 Bd5 31. Ne3 Bxb3 32. Ra1 Bd5
33. Nf4 Bc6 34. Nf5 Re5 35. Nxg7 Rg8 36. Ngh5 Ke7 37. g4 Rd8 38. Ra2 Rd4 39. a5
b5 40. Ne2 Rd3 41. f4 Rf3+ 42. Ke1 Re4 43. Nhg3 Re6 44. Kd1 Rd3 45. Kc2 c4 46.
Rb2 a6 47. Nf5+ Kf8 48. Ned4 Rf6 49. g5 Rxf5 50. Nxf5 Be4 51. Nh6 Rf3+ 52. d3
Rxd3 53. Kc1 Rc3+ 54. Kd2 Rf3 55. Rb4 c3+ 56. Ke2 c2 57. Rxe4 Rc3 58. Ng4 c1=Q
59. Nf6 Qb2+ 60. Kf1 Rc1+ 0-1

[Event "Eastpointe (US Am N/3/7)"]
[Site "?"]
[Date "1994.??.??"]
[Round "?"]
[White "Mankiewicz, Ryan"]
[Black "Fuller, William"]
[Result "1-0"]
[WhiteElo "1770"]
[BlackElo "2005"]
[PlyCount "109"]
[EventDate "1994.??.??"]

{3/(7)} 1. e4 c5 2. Nf3 Nc6 3. d4 cxd4 4. Nxd4 Nf6 5. Nc3 e5 6. Ndb5 d6 7. Bg5
a6 8. Na3 Be6 9. Nc4 Rc8 10. Ne3 Be7 11. Bxf6 Bxf6 12. Ncd5 Bg5 13. Bd3 O-O 14.
h4 Bxe3 15. Nxe3 Nb4 16. c3 Nxd3+ 17. Qxd3 Qb6 18. Qd2 f5 19. exf5 Bxf5 20.
Nxf5 Rxf5 21. O-O Rcf8 22. b3 Kh8 23. Qe3 Qd8 24. g3 Rf3 25. Qd2 Qb6 26. Kg2
Qc6 27. Kg1 e4 28. Rae1 d5 29. Re3 Qh6 30. Rxf3 Rxf3 31. Qxd5 Qb6 32. Qxe4 Rf8
33. Qe7 Kg8 34. Qe3 Qg6 35. Re1 Qc2 36. Re2 Qb1+ 37. Kg2 g6 38. Qd4 Qf5 39. Re7
Qf3+ 40. Kg1 Rf6 41. Re8+ Kg7 42. Re6 a5 43. Qxf6+ Qxf6 44. Rxf6 Kxf6 45. Kg2
Ke5 46. Kf3 b5 47. Ke3 Kd5 48. g4 h5 49. gxh5 gxh5 50. f4 a4 51. bxa4 bxa4 52.
Kd3 Kc5 53. a3 Kd5 54. c4+ Ke6 55. Kd4 1-0

[Event "Detroit (MI Op/5/9)"]
[Site "?"]
[Date "1994.??.??"]
[Round "?"]
[White "Mankiewicz, Ryan"]
[Black "Finegold, Mark"]
[Result "0-1"]
[WhiteElo "1800"]
[BlackElo "2225"]
[PlyCount "104"]
[EventDate "1994.??.??"]

{5/(9)} 1. e4 c5 2. Nf3 Nc6 3. d4 cxd4 4. Nxd4 Nf6 5. Nc3 d6 6. Be2 e5 7. Nb3
Be7 8. Be3 Be6 9. O-O O-O 10. Kh1 Na5 11. f4 Nc4 12. Bc1 exf4 13. Bxf4 Nxb2 14.
Qd4 Qb6 15. Rab1 Rfc8 16. Rxb2 Qxd4 17. Nxd4 Rxc3 18. Rxb7 Bf8 19. Nxe6 fxe6
20. Bd3 a5 21. e5 Nd5 22. Bg3 Rd8 23. exd6 Nb4 24. Be5 Rc5 25. Rxf8+ Rxf8 26.
Rxg7+ Kh8 27. Rxh7+ Kg8 28. Rg7+ Kh8 29. Rf7+ Kg8 30. Rxf8+ Kxf8 31. d7 Rd5 32.
Bc7 Rxd7 33. Bxa5 Nxd3 34. cxd3 Rxd3 35. Bb4+ Kf7 36. Kg1 Kg6 37. Kf2 Kf5 38.
Ke2 Rd4 39. Be7 Rd7 40. Bb4 Ke4 41. a3 e5 42. g3 Rc7 43. h4 Rc2+ 44. Bd2 Ra2
45. g4 Rxa3 46. h5 Rh3 47. h6 Rh2+ 48. Ke1 Kf3 49. Bc3 Rxh6 50. Kd1 e4 51. g5
Rh1+ 52. Kc2 Rg1 0-1

[Event "Detroit (MI Op/7/11)"]
[Site "?"]
[Date "1994.??.??"]
[Round "?"]
[White "Mankiewicz, Ryan"]
[Black "Drkulec, Vladimir"]
[Result "1/2-1/2"]
[WhiteElo "1800"]
[BlackElo "2225"]
[PlyCount "162"]
[EventDate "1994.??.??"]

{7/(11)} 1. e4 e5 2. Nf3 Nc6 3. Bb5 a6 4. Ba4 Nf6 5. O-O Be7 6. Qe2 b5 7. Bb3
d5 8. exd5 Nxd5 9. Nxe5 Nd4 10. Qe4 Nxb3 11. axb3 Bb7 12. c4 f6 13. Nf3 f5 14.
Qxf5 Nf6 15. cxb5 Be4 16. Qe6 Bd5 17. Qe2 O-O 18. Nc3 Bxb3 19. Rxa6 Rb8 20. Ra3
Bxa3 21. bxa3 Re8 22. Ne5 Qd4 23. Nc6 Qc5 24. Qf3 Rxb5 25. Nxb5 Bd5 26. Qc3
Qxb5 27. Nd4 Qa6 28. Qxc7 Bc4 29. Nf5 Bf7 30. Nd6 Rf8 31. Nxf7 Rxf7 32. Qb8+
Rf8 33. Qb3+ Kh8 34. Bb2 Nh5 35. Qb4 Kg8 36. Qg4 Qb5 37. Qe6+ Kh8 38. Qe5 Qb7
39. Qxh5 Qxb2 40. Qc5 Ra8 41. Rc1 Qxd2 42. Qc8+ Qd8 43. Qxd8+ Rxd8 44. a4 Kg8
45. g3 Kf7 46. Rc7+ Kf6 47. Ra7 Rd2 48. Ra8 Ra2 49. a5 h6 50. a6 g5 51. a7 Kg7
52. Kg2 g4 53. Kf1 Kh7 54. Ke1 Kg7 55. Kd1 Kh7 56. Kc1 Kg7 57. Kb1 Ra4 58. Kb2
Ra6 59. Kb3 Ra1 60. Kc4 Ra4+ 61. Kd5 h5 62. Kc5 Ra1 63. Kc6 Ra2 64. Rc8 Rxa7
65. Rc7+ Rxc7+ 66. Kxc7 Kg6 67. Kd6 Kg5 68. Kd5 Kf5 69. Kd4 Kf6 70. Ke4 Ke6 71.
f4 gxf3 72. Kxf3 Ke5 73. h3 Kf5 74. Kf2 Kf6 75. Ke2 Ke6 76. Kd3 Kd5 77. g4 Ke5
78. Ke3 Kf6 79. Kf4 hxg4 80. hxg4 Kg6 81. g5 Kg7 1/2-1/2